Innocence is no defence (Record no. 79967)

MARC details
000 -LEADER
fixed length control field 01321cab a22002415a 4500
001 - CONTROL NUMBER
control field L142899
008 - FIXED-LENGTH DATA ELEMENTS--GENERAL INFORMATION
fixed length control field 080318e20080315xxk f 000 0 eng d
035 ## - SYSTEM CONTROL NUMBER
System control number (Sirsi) u142899
041 0# - LANGUAGE CODE
Language code of text/sound track or separate title eng
100 1# - MAIN ENTRY--PERSONAL NAME
Personal name Seitler, Jonathan
245 00 - TITLE STATEMENT
Title Innocence is no defence
260 ## - PUBLICATION, DISTRIBUTION, ETC.
Date of publication, distribution, etc. 2008
490 ## - SERIES STATEMENT
Series statement Estates Gazette
Volume/sequential designation (0810) 15 March 2008, 162-163(2)
520 ## - SUMMARY, ETC.
Summary, etc. Review the aspects of a financial transaction which can be taken to constitute a bribe. Warns that undue payments can be unwittingly made or received. The two main factors are the secrecy of a payment and the effect that payment has on a transaction. The secrecy aspect presents dangers to the payer if he leaves it to the agent to inform others of the payment. To establish the effect of a payment, the creation of a conflict of interest is sufficient. Presents are not normally classed as bribes unless they alter a person's social or financial status. Case law.
590 ## - LOCAL NOTE (RLIN)
Local note KA
650 24 - SUBJECT ADDED ENTRY--TOPICAL TERM
Topical term or geographic name entry element ANANGEL ATLAS COMPANIA NAVIERA SA V ISHIKAWAJIMA-HARIMA HEAVY INDUSTRIES CO
650 24 - SUBJECT ADDED ENTRY--TOPICAL TERM
Topical term or geographic name entry element LOGICROSSE AMALGAMATES INDUSTRIALS V JOHNSON
650 24 - SUBJECT ADDED ENTRY--TOPICAL TERM
Topical term or geographic name entry element ROSS RIVER LTD AND ANOTHER V CAMBRIDGE CITY FC
650 24 - SUBJECT ADDED ENTRY--TOPICAL TERM
Topical term or geographic name entry element JAFARI-FINI V SKILLGLASS LTD
651 #4 - SUBJECT ADDED ENTRY--GEOGRAPHIC NAME
Geographic name United Kingdom
Chronological subdivision
690 ## - LOCAL SUBJECT ADDED ENTRY--TOPICAL TERM (OCLC, RLIN)
Topical term or geographic name as entry element MANAGEMENT-BUSINESS MANAGEMENT-FINANCIAL MANAGEMENT
942 ## - ADDED ENTRY ELEMENTS (KOHA)
Suppress in OPAC 0
Holdings
Withdrawn status Lost status Source of classification or shelving scheme Damaged status Not for loan Home library Current library Shelving location Date acquired Total Checkouts Full call number Barcode Date last seen Copy number Price effective from Koha item type
    Dewey Decimal Classification     London London Journal article 18/03/2008   L142899 142899-1001 06/08/2019 1 06/08/2019 Journal article